[Event "MCR mladeze 2019 - H16"]
[Site "Kouty nad Desnou"]
[Date "2019.03.12"]
[Round "5"]
[White "Polansky, Adam Lubos"]
[Black "Novotny, Ondrej"]
[Result "0-1"]
[WhiteElo "2018"]
[BlackElo "1933"]
[EventDate "2019.03.09"]

1. d4  Nf6  2. Nf3  e6
3. c4  d5  4. g3
c5  5. Nc3  Nc6
6. Bg2  Be7  7. O-O  O-O
8. dxc5  Bxc5  9. cxd5
exd5  10. Na4  Be7
11. b3  Ne4  12. Bb2
Be6  13. Rc1  Rc8
14. Nd4  Nxd4  15. Bxd4
b6  16. Nc3  Qd7
17. Nxe4  Rxc1  18. Qxc1
dxe4  19. Qb2  Rd8
20. e3  f6  21. Bxe4
Bd5  22. Bxd5+  Qxd5
23. Rc1  Bd6  24. Qe2
Kh8  25. Qg4  Be7
26. Rc7  Bf8  27. h4
h5  28. Qg6  Qf3
29. Qf7  a5  30. a4
Qf5  31. Kg2  Qe4+
32. f3  Qh7  33. Qe6
Qd3  34. Qc4  Qd2+
35. Kf1  Qd1+  36. Kf2
Bd6  37. Qc1  Qxb3
38. Qc2  Qe6  39. Rc3
Qh3  40. f4  Bb4
41. Rc6  Bc5  42. Qg6
Qh2+  43. Kf1  Qh1+
44. Ke2  Qg2+  45. Kd3
Qxc6  0-1

[Event "MCR mladeze 2019 - H16"]
[Site "Kouty nad Desnou"]
[Date "2019.03.12"]
[Round "5"]
[White "Hurtik, Matej"]
[Black "Barak, David"]
[Result "0-1"]
[WhiteElo "1959"]
[BlackElo "2019"]
[EventDate "2019.03.09"]

1. e4  c5  2. c3  d5
3. exd5  Qxd5  4. d4
g6  5. Nf3  Bg7
6. Be3  cxd4  7. cxd4  Nf6
8. Nc3  Qd8  9. Bc4
O-O  10. h3  Nbd7
11. O-O  Nb6  12. Be2
Be6  13. Ne5  Nbd5
14. Rc1  Rc8  15. Bf3
Nxc3  16. Rxc3  Rxc3
17. bxc3  Nd5  18. Bxd5
Qxd5  19. c4  Qa5
20. d5  Bxh3  21. Nxg6
hxg6  22. gxh3  Qxa2
23. c5  Rd8  24. d6
exd6  25. cxd6  Qa6
26. Bf4  Bf8  27. Qg4
Bxd6  28. Rd1  Qb6
29. Bxd6  Rxd6  30. Qc8+
Kg7  31. Rxd6  Qxd6
32. Qxb7  a5  33. Qb2+
Qf6  34. Qa3  Qe5
35. Kg2  Qe4+  36. f3
Qc2+  37. Kg3  Qc7+
38. Kg2  Qe5  39. f4
Qe2+  40. Kg3  Qe1+
41. Kg2  Qd2+  42. Kg3
Qb4  43. Qe3  Qb2
44. Qa7  Qb3+  45. Kg2
a4  46. Qd4+  Kh7
47. f5  Qc2+  48. Kg3
Qc7+  49. Kg2  Qc6+
50. Kh2  gxf5  51. Qh4+
Kg6  52. Qg3+  Kf6
53. Qa3  Qc2+  54. Kg1
Qb3  55. Qd6+  Kg5
56. h4+  Kg4  57. Qd4+
f4  58. Qg7+  Kxh4
59. Qh6+  Kg4  60. Qg7+
Kf3  61. Qg2+  Ke3
62. Kh2  f6  63. Qg1+
Kd3  64. Qf1+  Ke4
65. Qe2+  Qe3  66. Qc2+
Ke5  67. Qc7+  Kf5
68. Qh7+  Ke6  69. Qg8+
Ke5  70. Qe8+  Kf5
71. Qh5+  Ke4  72. Qg6+
f5  73. Qc6+  Kd3
74. Qxa4  Qe2+  75. Kg1
Qg4+  76. Kf2  Qg3+
77. Kf1  Qh3+  78. Kf2
Qe3+  79. Kf1  Qc1+
80. Kf2  Qd2+  81. Kf1
Qe2+  82. Kg1  Qe1+
83. Kh2  f3  84. Qd7+
Ke2  85. Qb5+  Kf2
86. Qc5+  Kf1  87. Kh3
f4  88. Qc4+  Kg1
89. Qxf4  Qf1+  90. Kh4
Qf2+  0-1

[Event "MCR mladeze 2019 - H16"]
[Site "Kouty nad Desnou"]
[Date "2019.03.12"]
[Round "5"]
[White "Nytra, Ondrej"]
[Black "Glozar, Petr"]
[Result "1/2-1/2"]
[WhiteElo "1998"]
[BlackElo "1883"]
[EventDate "2019.03.09"]

1. e4  c5  2. Nf3  Nc6
3. d4  cxd4  4. Nxd4
Nf6  5. Nc3  d6
6. Be2  e5  7. Nf3  Be7
8. Bg5  O-O  9. Bxf6
Bxf6  10. O-O  Be6
11. Nd5  Bxd5  12. exd5
Nd4  13. c4  Nxf3+
14. Bxf3  Re8  15. Re1
Qb6  16. Qc2  g6
17. Rab1  a5  18. b3
Bg7  19. g4  Bh6
20. Kh1  Bf4  21. Be4
Kg7  22. Rg1  Rh8
23. Rg2  Qd8  24. Rbg1
Qd7  25. Qc3  a4
26. b4  Rac8  27. Re1
Qc7  28. Bd3  b5
29. Re4  f6  30. a3
Qb7  31. Qb2  Rc7
32. f3  Rhc8  33. Qa2
bxc4  34. Bxc4  Kf7
35. h4  f5  36. gxf5
gxf5  37. Rxf4  exf4
38. Qc2  Rf8  39. Qxf5+
Ke8  40. Re2+  Re7
41. Bb5+  1/2-1/2

[Event "MCR mladeze 2019 - H16"]
[Site "Kouty nad Desnou"]
[Date "2019.03.12"]
[Round "5"]
[White "Ocko, Dominik"]
[Black "Travnicek, Krystof Mikulas"]
[Result "1-0"]
[WhiteElo "1914"]
[BlackElo "1968"]
[EventDate "2019.03.09"]

1. Nf3  Nf6  2. e3  d5
3. c4  c6  4. Nc3
e6  5. d4  Nbd7
6. Bd3  dxc4  7. Bxc4  b5
8. Bd3  Bb7  9. O-O
a6  10. e4  c5
11. d5  c4  12. Bc2  Nc5
13. Bg5  Qc7  14. Qd4
Be7  15. Rad1  Rd8
16. Bxf6  gxf6  17. Rfe1
Qf4  18. Ne2  Qh6
19. Ng3  O-O  20. Qe3
Qxe3  21. Rxe3  f5
22. exf5  Rxd5  23. Rxd5
Bxd5  24. Nh5  Nd3
25. Bxd3  cxd3  26. Rxd3
Bxa2  27. f6  Bb4
28. Rd4  Bc5  29. Rg4+
Kh8  30. Ne5  Bb1
31. Rg7  Bg6  32. Nf4
Rd8  33. Nfxg6+  hxg6
34. Nxf7# 1-0

[Event "MCR mladeze 2019 - H16"]
[Site "Kouty nad Desnou"]
[Date "2019.03.12"]
[Round "5"]
[White "Zeman, Daniel"]
[Black "Vorisek, Jakub"]
[Result "0-1"]
[WhiteElo "1804"]
[BlackElo "2077"]
[EventDate "2019.03.09"]

1. b3  d5  2. Bb2  Nf6
3. e3  e6  4. Nf3
Bd6  5. Be2  O-O
6. O-O  c5  7. d4
Nc6  8. c4  b6
9. Nc3  Bb7  10. Nb5  Bb8
11. dxc5  a6  12. Na3
bxc5  13. Bxf6  Qxf6
14. cxd5  Rd8  15. Qc2
exd5  16. Rab1  Bd6
17. Qb2  Ne5  18. Nc2
d4  19. Nce1  Be4
20. exd4  cxd4  21. Rd1
d3  22. Nxd3  Bxd3
0-1

[Event "MCR mladeze 2019 - H16"]
[Site "Kouty nad Desnou"]
[Date "2019.03.12"]
[Round "5"]
[White "Tajovsky, Matej"]
[Black "Kubice, Jakub"]
[Result "1-0"]
[WhiteElo "1810"]
[BlackElo "1605"]
[EventDate "2019.03.09"]

1. e4 e5 2. Nf3 Nf6 3. Nc3 Bb4 4. Bc4 Nc6 5. O-O d6 6. h3 Bxc3 7. dxc3 h6 8. Qd3
O-O 9. Nh2 Be6 10. Bb3 Re8 11. Be3 Bxb3 12. axb3 a6 13. c4 a5 14. c3 b6 15. Rae1
Re6 16. g3 Qe8 17. Ng4 Nxg4 18. hxg4 Rf6 19. f3 Qe6 20. Re2 Qe8 21. Rh2 Ne7 22.
Kg2 Kf8 23. Qd2 Ng8 24. Rh4 a4 25. b4 Qc6 26. Qd3 Re6 27. g5 hxg5 28. Bxg5 f6 29.
Be3 Ree8 30. c5 a3 31. b5 Qd7 32. bxa3 Rxa3 33. cxb6 cxb6 34. Bxb6 Rc8 35. Rc1
Nh6 36. Be3 Nf7 37. Rhh1 Qc7 38. b6 Qc6 39. Rc2 Ke7 40. Rhc1 Nd8 41. Qd2 Nb7 42.
c4 Rb3 43. Rb2 Rxb2 44. Qxb2 Rb8 45. Qb5 Rc8 46. Qa6 Nc5 47. Bxc5 dxc5 48. Qa7+
Qd7 49. Rc2 Qxa7 50. bxa7 Ra8 51. Ra2 Kd7 52. Kh3 g6 53. Kg4 Ke6 54. Ra6+ Ke7 55.
f4 exf4 56. gxf4 Kf7 57. e5 fxe5 58. fxe5 Kg7 59. Kg5 Kf7 60. Rf6+ Ke8 61. Rxg6
Rxa7 62. Kf6 Ra1 63. Rg8+ Kd7 64. e6+ Kd6 65. Rd8+ Kc6 66. e7 Rf1+ 67. Kg5 1-0

[Event "MCR mladeze 2019 - FIDE Open"]
[Site "Kouty nad Desnou"]
[Date "2019.03.12"]
[Round "5"]
[White "Hanl, Frantisek"]
[Black "Londin, Simon"]
[Result "1/2-1/2"]
[WhiteElo "2137"]
[BlackElo "2125"]
[EventDate "2019.03.09"]

1. e4  c5  2. Nf3  g6
3. d4  cxd4  4. Nxd4
Nc6  5. Be3  Nf6
6. Nc3  Bg7  7. Bc4
Qa5  8. O-O  O-O
9. Nb3  Qc7  10. f4
d6  11. Be2  Be6
12. Bf3  a6  13. Nd5
Bxd5  14. exd5  Na5
15. Nxa5  Qxa5  16. c4
Rac8  17. Qb3  Nd7
18. Bg4  Nc5  19. Qc2
Rc7  20. a3  Qa4
21. Rac1  Qb3  22. Bxc5
Qxc2  23. Rxc2  Rxc5
24. b4  Rc7  25. f5
b5  26. Rf4  Be5
27. Re4  h5  28. Bh3
g5  29. g4  hxg4
30. Rxg4  Bf4  31. Bf1
Rfc8  32. h4  f6
33. hxg5  fxg5  34. Kg2
bxc4  35. Kf3  a5
36. bxa5  Ra8  37. Rxc4
Rxc4  38. Bxc4  Rxa5
39. Rg2  Rxa3+  40. Kg4
Kf7  41. Bb5  Ra7
42. Rg1  Rb7  43. Rb1
Kf6  44. Bd3  Rc7
45. Re1  Rc3  46. Re6+
Kf7  47. Be4  Rg3+
48. Kh5  Bc1  49. Bb1
Rg1  50. Be4  Bf4
51. f6  exf6 1/2-1/2

[Event "MCR mladeze 2019 - FIDE Open"]
[Site "Kouty nad Desnou"]
[Date "2019.03.12"]
[Round "5"]
[White "Pycha, Patrik"]
[Black "Sikorova, Olga"]
[Result "1/2-1/2"]
[WhiteElo "2027"]
[BlackElo "2241"]
[EventDate "2019.03.09"]

1. e4  e6  2. d4  d5
3. Nc3  Bb4  4. e5
c5  5. a3  Bxc3+
6. bxc3  Qa5  7. Bd2
Qa4  8. Qg4  g6
9. Nf3  Bd7  10. Qf4  Qxc2
11. dxc5  Nc6  12. Rc1
Qe4+  13. Qxe4  dxe4
14. Ng5  Nxe5  15. Nxe4
Bc6  16. Nd6+  Ke7
17. Bf4  f6  18. Bxe5
fxe5  19. Nc4  Kf6
20. Ne3  h5  21. h4
Nh6  22. Rh3  Rac8
23. Rb1  Rh7  24. Rb4
Bd5  25. g4  hxg4
26. Nxg4+  Nxg4  27. Rxg4
Rxc5  28. Rhg3  Rh6
29. c4  Bc6  30. Bd3
e4  31. Bxe4  Rxc4
32. Bxc6  Rxc6  33. Rf3+
Ke7  34. Rgf4  Rh7
35. Rg3  e5  36. Rfg4
Rh6  37. Rg5  Re6
38. R5g4  b5  39. a4
a6  40. axb5  axb5
41. Rb3  Rb6  42. Rgb4
Kf6  43. Rxb5  Rxb5
44. Rxb5  Rxh4  45. Kf1
Kf5  46. Rb3  g5
47. Kg2  Rg4+  48. Kf3
Rg1  49. Ke2  g4
50. Ra3  Rb1  51. Rc3
Rg1  52. Ra3  Kf4
53. Ra4+  Kf5  54. Ra3
Rh1  55. Ra4  Rh3
56. Kf1  g3  57. fxg3
Rxg3  58. Kf2  Rb3
59. Ke2  Rb2+  60. Ke1
e4  61. Ra3  Kf4
62. Rc3  Rb1+  63. Ke2
Rh1  64. Ra3  Rh2+
65. Ke1  Rb2  66. Rc3
Ra2  67. Rb3  Ke5
68. Rh3  Kd4  69. Rg3
Kc4  70. Rh3  Kd4
1/2-1/2

[Event "MCR mladeze 2019 - FIDE Open"]
[Site "Kouty nad Desnou"]
[Date "2019.03.12"]
[Round "5"]
[White "Kubicek, Antonin"]
[Black "Langner, Ladislav"]
[Result "0-1"]
[WhiteElo "2111"]
[BlackElo "2382"]
[EventDate "2019.03.09"]

1. Nf3  c5  2. c4  Nf6
3. g3  b6  4. Bg2
Bb7  5. b3  g6
6. Bb2  Bg7  7. O-O  O-O
8. d4  cxd4  9. Qxd4
Na6  10. Nc3  Ne4
11. Qe3  Nac5  12. Qc1
Nf6  13. Rd1  Rc8
14. Qd2  d6  15. Rac1
Qd7  16. Rc2  Rfd8
17. Qc1  a6  18. Nd5
Nxd5  19. cxd5  Bxb2
20. Qxb2  Ne4  21. Ne1
Qf5  22. f3  Nc5
23. e4  Qg5  24. f4
Qg4  25. Bf3  Qd7
26. Qd4  a5  27. Be2
f5  28. e5  dxe5
29. Qxe5  Qd6  30. Nf3
Ne4  31. Rxc8  Rxc8
32. Bd3  Nc3  33. Rd2
Bxd5  34. Qxd6  exd6
35. Ba6  Rc5  36. Nd4
Ne4  37. Rd1  Kf7
38. Bf1  Nc3  39. Rd2
Be4  40. Kf2  Bb1
41. Rb2  Nd1+  0-1

[Event "MCR mladeze 2019 - FIDE Open"]
[Site "Kouty nad Desnou"]
[Date "2019.03.12"]
[Round "5"]
[White "Lorenc, Tomas"]
[Black "Bochnicka, Vladimir"]
[Result "1/2-1/2"]
[WhiteElo "2173"]
[BlackElo "2149"]
[EventDate "2019.03.09"]

1. c4  e5  2. g3  Nf6
3. Bg2  c6  4. d4
exd4  5. Qxd4  d5
6. Nf3  Be7  7. O-O
O-O  8. Bf4  c5
9. Qd1  d4  10. b4  Bf5
11. Nbd2  Ne4  12. Nxe4
Bxe4  13. bxc5  Bxc5
14. Qb3  Qb6  15. Rfd1
Nc6  16. Ne5  Bxg2
17. Nd7  Qxb3 18. axb3  Bb4
19. Kxg2  Rfd8  20. Ne5
Re8  21. Nxc6  bxc6
22. Ra6  c5  23. Kf3
h6  24. h4  Re7
25. e3  Rd8  26. Rd3  f6
27. h5  Rdd7  28. g4
Kf7  29. exd4  cxd4
30. Bd2  Bxd2  31. Rxd2
d3  32. c5  Rd5
33. b4  f5  34. Rd6  fxg4+
35. Kg3  Rd7  36. Rxd7+
Rxd7  37. c6  Rd4
38. c7  Rc4  39. Rxd3
Rxc7  40. Rd4  Rb7 1/2-1/2

[Event "MCR mladeze 2019 - FIDE Open"]
[Site "Kouty nad Desnou"]
[Date "2019.03.12"]
[Round "5"]
[White "Bares, Jachym"]
[Black "Janik, Marek Tobias"]
[Result "1-0"]
[WhiteElo "2022"]
[BlackElo "1676"]
[EventDate "2019.03.09"]

1. e4  c5  2. Nf3  Nc6
3. d4  cxd4  4. Nxd4
Nf6  5. Nc3  e5
6. Ndb5  d6  7. Nd5  Nxd5
8. exd5  Nb8  9. c4
Be7  10. Be2  O-O
11. O-O  Nd7  12. Qc2
a6  13. Nc3  f5
14. f4  e4  15. Be3  b6
16. Rab1  Bf6  17. Rfc1
Ra7  18. Kh1  Rc7
19. Qb3  Rb7  20. Qa3
Nb8  21. b4  a5
22. bxa5  bxa5  23. Nb5  Be7
24. Nd4  Qc7  25. Nb5
Qd8  26. Bd2  Qd7
27. Qxa5  Bd8  28. Qa3
Rf6  29. Bc3  Rh6
30. Bd4  Be7  31. h3
Qd8  32. c5  dxc5
33. Bxc5  Bxc5  34. Qxc5
Bd7  35. d6  Nc6
36. Qd5+  Kh8  37. Rxc6
Bxc6  38. Qxc6  Rd7
39. Rb3  Rf6  40. Ra3
Rf8  41. Bc4  Qe8
42. Nc7  1-0

[Event "MCR mladeze 2019 - FIDE Open"]
[Site "Kouty nad Desnou"]
[Date "2019.03.12"]
[Round "5"]
[White "Nagy, Ladislav"]
[Black "Malinovsky, Petr"]
[Result "1/2-1/2"]
[WhiteElo "1923"]
[BlackElo "2007"]
[EventDate "2019.03.09"]

1. e4  c5  2. Nc3  g6
3. g3  Nc6  4. Bg2
Bg7  5. d3  d6
6. f4  f5  7. Nge2  Nf6
8. O-O  O-O  9. Kh1
Kh8  10. Be3  Be6
11. d4  cxd4  12. Nxd4
Bc4  13. Re1  Ng4
14. Bg1  Nxd4  15. Bxd4
e5  16. fxe5  dxe5
17. Bg1  Qxd1  18. Raxd1
f4  19. Bf3  h5
20. Kg2  fxg3  21. Bxg4  hxg4
22. hxg3  Rf7  23. Rd6
Bf6  1/2-1/2

[Event "MCR mladeze 2019 - FIDE Open"]
[Site "Kouty nad Desnou"]
[Date "2019.03.12"]
[Round "5"]
[White "Kupsa, Matej"]
[Black "Skalka, Jan"]
[Result "1/2-1/2"]
[WhiteElo "1987"]
[BlackElo "1904"]
[EventDate "2019.03.09"]

1. c4  Nf6  2. Nc3  e6
3. d4  d5  4. Bg5
Nbd7  5. e3  c6
6. f4  Qa5  7. Bxf6  Nxf6
8. Bd3  dxc4  9. Bxc4
Bb4  10. Nge2  Nd5
11. Qd3  Bd7  12. O-O
O-O  13. a3  Bxc3
14. Nxc3  Nxc3  15. Qxc3
Qxc3  16. bxc3  c5
17. Be2  Rac8  18. Rfc1
b6  19. Kf2  cxd4
20. cxd4  Rxc1  21. Rxc1
Rc8  22. Rxc8+  Bxc8
23. Bf3  Kf8  24. Ke2
Ke7  25. Kd3  f5
26. d5  Kd6  27. Kd4
Ba6  28. dxe6  Kxe6
29. Bd5+  Kd6  30. g3
Be2  31. Bg8  h6
32. Bh7  Ke6  33. h3
Bf3  34. Bg8+  Kd6
35. Bc4  Bg2  36. h4
Bc6  37. Ba6  Bd7
38. Bb7  Be6  39. e4
fxe4  40. Bxe4  Bd7
41. Bf3  a5  42. g4
b5  43. g5  hxg5
44. fxg5  b4  45. axb4
axb4  46. h5  Bf5
47. Bd1  Ke7  48. Ke5
Bd3  49. h6  gxh6
50. gxh6  Kf7  51. Bh5+
Kg8  52. Kd4  Bc2
53. Kc4  b3  54. Kc3
Kh7  1/2-1/2

[Event "MCR mladeze 2019 - FIDE Open"]
[Site "Kouty nad Desnou"]
[Date "2019.03.12"]
[Round "5"]
[White "Lajbl, Jan"]
[Black "Broz, Petr"]
[Result "1-0"]
[WhiteElo "1966"]
[BlackElo "1883"]
[EventDate "2019.03.09"]

1. e4  e6  2. d4  d5
3. Nd2  a6  4. Bd3
c5  5. dxc5  Bxc5
6. Ngf3  Nf6  7. Qe2
O-O  8. O-O  h6
9. c3  Nc6  10. h3  Nh5
11. Nb3  Ng3  12. Qc2
dxe4  13. Bxe4  Nxe4
14. Qxe4  Bb6  15. Bf4
Qf6  16. Rad1  Ne7
17. Be5 Qg6 18. Qxg6  Nxg6  19.
Bd6  Rd8  20. Bc5  Rxd1
21. Rxd1  Bxc5  22. Nxc5
b6  23. Nd7  Bb7
24. Nxb6  Bxf3  25. gxf3
Rb8  26. Rd6  Nh4
27. Nc4  Nxf3+  28. Kf1
Ra8  29. Nb6  Rb8
30. c4  Ne5  31. c5
Rb7  32. f4  Ng6
33. Rd8+  Kh7  34. Ra8
Nxf4  35. Rxa6  Nd3
36. c6  Rc7  37. Na8
Rc8  38. c7  Nb4
39. Rb6  Rxa8  40. Rb8
Na6  41. Rxa8  Nxc7
42. Ra7  1-0

[Event "MCR mladeze 2019 - FIDE Open"]
[Site "Kouty nad Desnou"]
[Date "2019.03.12"]
[Round "5"]
[White "Stastny, Jakub"]
[Black "Vlkova, Anezka"]
[Result "0-1"]
[WhiteElo "1785"]
[BlackElo "1951"]
[EventDate "2019.03.09"]

1. d4  Nf6  2. c4  g6
3. Nc3  Bg7  4. e4
d6  5. f4  O-O
6. Nf3  c5  7. d5  a6
8. a4  Qc7  9. Be2
e6  10. dxe6  Bxe6
11. O-O  Nc6  12. Ng5
Nd4  13. Bd3  Bg4
14. Nf3  Rae8  15. Be3
Qd8  16. Re1  Nd7
17. Bxd4  Bxd4+  18. Kh1
Qf6  19. Nd5  Qg7
20. h3  Bxf3  21. Qxf3
Nb8  22. Rab1  Nc6
23. b4  cxb4  24. Nxb4
Nxb4  25. Rxb4  Bc3
26. Reb1  Bxb4  27. Rxb4
Qa1+  28. Kh2  a5
29. Rxb7  Qxa4  30. f5
Qa1  31. Rb5  a4
32. fxg6  hxg6  33. e5
Rxe5  34. Qf6  Re1
35. Qxd6  Rh1+  36. Kg3
Qe1+  37. Kf3  Re8
38. Bxg6  Qe2+  39. Kg3
Re3+  40. Kf4  Rf1+
41. Kg5  Qxg2+ 0-1

[Event "MCR mladeze 2019 - FIDE Open"]
[Site "Kouty nad Desnou"]
[Date "2019.03.12"]
[Round "5"]
[White "Novotna, Tereza"]
[Black "Balin, Daniel"]
[Result "0-1"]
[WhiteElo "1846"]
[BlackElo "1811"]
[EventDate "2019.03.09"]

1. d4  Nf6  2. Nf3  e6
3. Bf4  Be7  4. h3
b6  5. e3  Bb7
6. Bd3  O-O  7. O-O  d6
8. c3  Nbd7  9. Bh2
Re8  10. a4  Bf8
11. Be2  e5  12. a5
exd4  13. cxd4  Nd5
14. a6  Bc6  15. Qc2
Ne7  16. Na3  Nf6
17. Rfc1  Qd7  18. Nc4
Be4  19. Qd2  Rac8
20. Ng5  Bg6  21. Na3
h6  22. Nf3  c6
23. Nh4  Bh7  24. Nc4  Ned5
25. Bf3  g5  26. Bxd5
cxd5  27. Nxb6  axb6
28. Nf3  Rxc1+  29. Rxc1
Ra8  30. Qe2  b5
31. Ra1  Qc6  32. Ne1
Rxa6  33. Rxa6  Qxa6
34. Qd1  b4  35. g4
Qc4  36. Kg2  b3
37. Nf3  Be4  38. Kg3
Qc2  39. Qa1  Qb1
40. Qa8  Qh1  0-1

[Event "MCR mladeze 2019 - FIDE Open"]
[Site "Kouty nad Desnou"]
[Date "2019.03.12"]
[Round "5"]
[White "Dejmal, Ondrej"]
[Black "Gemsa, Pavel"]
[Result "1/2-1/2"]
[WhiteElo "1557"]
[BlackElo "1884"]
[EventDate "2019.03.09"]

1. e4  c5  2. Nf3  Nc6
3. d4  cxd4  4. Nxd4
Nf6  5. Nc3  g6
6. Be3  Bg7  7. Qd2  Ng4
8. Nxc6  bxc6  9. Bd4
O-O  10. h3  Nf6
11. e5  Nd5  12. Bc4
Nxc3  13. Qxc3  d5
14. exd6  Bxd4  15. Qxd4
Qxd6  16. O-O-O  Qc7
17. Rhe1  Rb8  18. Re3
Bf5  19. Rde1  Rbd8
20. Qe5  Qd7  21. Qc3
Qd4  22. g4  Be6
23. Qxd4  Rxd4  24. Bxe6
fxe6  25. f3  a5
26. Rc3  Rd6  27. Rd1
Rc8  28. Rcd3  Rcd8
29. b3  Kf7  30. Rxd6
exd6  31. Kd2  d5
32. Ke3  e5  33. c3
Rb8  34. f4 1/2-1/2

[Event "MCR mladeze 2019 - FIDE Open"]
[Site "Kouty nad Desnou"]
[Date "2019.03.12"]
[Round "5"]
[White "Klubal, Jiri"]
[Black "Sojma, Zdenek"]
[Result "1-0"]
[WhiteElo "1791"]
[BlackElo "1841"]
[EventDate "2019.03.09"]

1. e4  c6  2. d4  d5
3. exd5  cxd5  4. c4
Nf6  5. Nc3  Nc6
6. Bg5  dxc4  7. Bxc4
Qxd4  8. Qxd4  Nxd4
9. O-O-O  e5  10. f4
Bc5  11. fxe5  Ng4
12. Ne4  Ne6  13. Bb5+
Kf8  14. Nxc5  Nf2
15. Nxe6+  Bxe6  16. Nf3
Nxh1  17. Rxh1  Bxa2
18. Rd1  Rc8+  19. Kd2
a6  20. Bd7  Rc7
21. Ke3  h6  22. Bf5
hxg5  23. Rd8+  Ke7
24. Rxh8  g6  25. Rc8
Rxc8  26. Bxc8  Bd5
27. Kd4  Bc6  28. Kc5
1-0

[Event "MCR mladeze 2019 - FIDE Open"]
[Site "Kouty nad Desnou"]
[Date "2019.03.12"]
[Round "5"]
[White "Cibikova, Sofia Anna"]
[Black "Janouch, Jachym Stepan"]
[Result "1-0"]
[WhiteElo "1812"]
[BlackElo "1675"]
[EventDate "2019.03.09"]

1. Nf3  d5  2. d4  e6
3. Bf4  Bd6  4. Bg3
Nf6  5. e3  O-O
6. Nbd2  c5  7. c3  Qc7
8. Bd3  Nbd7  9. Rc1
e5  10. dxe5  Nxe5
11. Nxe5  Bxe5  12. Nf3
Bxg3  13. hxg3  h6
14. Kf1  Bg4  15. Qc2
Rae8  16. Rh4  Qc8
17. Kg1  Re6  18. Nh2
c4  19. Nxg4  cxd3
20. Nxf6+  Rxf6  21. Qxd3
Rd8  22. Rd4  Qc5
23. Rd1  Ra6  24. a3
Rad6  25. Qd2  Rb6
26. c4  Rc8  27. b4
Qc6  28. cxd5  Qa4
29. Qd3  Rd6  30. b5
Qa5  31. a4  Rc3
32. Qe4  Qc7  33. Qe5
Rc2  34. Rf4  f6
35. Qe8+  Kh7  36. Qe4+
g6  37. Qd4  Kg7
38. Qxa7  Ra2  39. Qd4
Qc2  40. Ra1  Rb2
41. Qc4  Qxc4  42. Rxc4
g5  43. Rd1  Kg6
44. Rc7  Rb4  45. Rxb7
Rxa4  46. Rc7  Ra5
47. Rc6  Rd7  48. Rb6
Kf5  49. f3  g4
50. e4+  Ke5  51. Re6# 1-0

[Event "MCR mladeze 2019 - FIDE Open"]
[Site "Kouty nad Desnou"]
[Date "2019.03.12"]
[Round "5"]
[White "Vaculik, Martin"]
[Black "Cipl, Jan"]
[Result "1/2-1/2"]
[WhiteElo "1562"]
[BlackElo "1626"]
[EventDate "2019.03.09"]

1. d4  d5  2. c4  e6
3. Nc3  Nf6  4. cxd5
exd5  5. Bg5  Be7
6. Qc2  O-O  7. e3
Nc6  8. a3  Re8
9. Bd3  h6  10. Bh4  Ng4
11. Bxe7  Rxe7  12. Nf3
a6  13. h3  Nf6
14. O-O  Qd6  15. b4  b5
16. Rfc1  Bb7  17. Nd2
Rae8  18. Nb3  Nd8
19. Nc5  Ne4  20. Ne2
Qf6  21. Bxe4  dxe4
22. Nf4  g5  23. Nxb7
gxf4  24. Nxd8  Rxd8
25. Qd2  1/2-1/2

[Event "MCR mladeze 2019 - FIDE Open"]
[Site "Kouty nad Desnou"]
[Date "2019.03.12"]
[Round "5"]
[White "Kanka, Matej"]
[Black "Stocek, Martin"]
[Result "1-0"]
[WhiteElo "1975"]
[BlackElo "1704"]
[EventDate "2019.03.09"]

1. Nf3  Nf6  2. c4  g6
3. g3  Bg7  4. Bg2
O-O  5. O-O  d6
6. d4  Nbd7  7. Nc3  c5
8. d5  a6  9. a4
Ne8  10. e4  b5
11. axb5  Bb7  12. bxa6  Rxa6
13. Rxa6  Bxa6  14. Nd2
Qa5  15. Ne2  Nc7
16. f4  Rb8  17. Bh3
Nf6  18. b3  Bc8
19. Bxc8  Rxc8  20. Qc2
Na6  21. Bb2  Nb4
22. Qc3  Ne8  23. e5
Qc7  24. Ne4  Ra8
25. Ng5  Qc8  26. Qf3
Ra2  27. Bc3  Qf5
28. Bxb4  cxb4  29. Nd4
Qd7  30. Kh1  f6
31. e6  Qc7  32. Nf7
f5  33. Nc6  Nf6
34. Nxb4  Rb2  35. Rf2
Rb1+  36. Rf1  Rb2
37. Nc6  Ng4  38. c5
Rxh2+  39. Kg1  dxc5
40. d6  exd6  41. e7
Kxf7  42. Qd5+  Ke8
43. Qg8+  Kd7  44. e8=Q#
1-0

[Event "MCR mladeze 2019 - FIDE Open"]
[Site "Kouty nad Desnou"]
[Date "2019.03.12"]
[Round "5"]
[White "Hradek, Matyas"]
[Black "Urbanova, Daniela"]
[Result "0-1"]
[WhiteElo "1477"]
[BlackElo "1786"]
[EventDate "2019.03.09"]

1. e4  d5  2. exd5  Nf6
3. Nf3  Nxd5  4. d4
g6  5. c4  Nb6
6. Nc3  Bg7  7. Be3  O-O
8. Be2  Nc6  9. O-O
e5  10. d5  Ne7
11. Qd2  Nf5  12. Rad1  Nd6
13. b3  e4  14. Ng5
f5  15. c5  f4
16. cxd6  Qxg5  17. Bxb6  Bxc3
18. Qxc3  f3  19. g3
fxe2  20. Be3  exf1=Q+
21. Rxf1  Qxd5  22. Bh6
Rf7  23. Rc1  Qxd6
24. Qc2  Qd3  25. Rd1
Rxf2  26. Qxd3  exd3
27. Kxf2  Bf5  28. g4
Bxg4  29. Rxd3  Re8
30. Rd7  Bxd7  31. Kf3
Kf7  32. Kf4  Bc6
33. Kg3 Re2  34. a4  Rb2
0-1

[Event "MCR mladeze 2019 - FIDE Open"]
[Site "Kouty nad Desnou"]
[Date "2019.03.12"]
[Round "5"]
[White "Jerabkova, Julia"]
[Black "Rakovsky, Jakub"]
[Result "1-0"]
[WhiteElo "1695"]
[BlackElo "1727"]
[EventDate "2019.03.09"]

1. d4  d5  2. c4  e6
3. Nc3  Nf6  4. cxd5
exd5  5. Bg5  Be7
6. e3  O-O  7. Bd3
c6  8. Nge2  Re8
9. O-O  Nbd7  10. f3
h6  11. Bh4  b5
12. Rc1  Nf8  13. Bf2  Bd6
14. Ng3  Bxg3  15. hxg3
Bd7  16. Qc2  Ne6
17. a3  a5  18. Ne2
Rc8  19. Nf4  Nxf4
20. gxf4  Rb8  21. g4
g5  22. fxg5  hxg5
23. Kg2  Kg7  24. Rh1
Qc7  25. Bg3  Qc8
26. Be5  Qd8  27. Rh7+
Kg8  28. Rh6  Re6
29. Rch1  Kg7  30. Rh7+
Kf8  31. Rh8+  Ng8
32. Rxg8+  Kxg8  33. Rh8#
1-0

[Event "MCR mladeze 2019 - Narodni open"]
[Site "Kouty nad Desnou"]
[Date "2019.03.12"]
[Round "5"]
[White "Holasek, Vojtech"]
[Black "Durovka, Marek"]
[Result "1-0"]
[WhiteElo "1795"]
[BlackElo "1478"]
[EventDate "2019.03.09"]
[PlyCount "37"]

1. Nf3 Nf6 2. c4 g6 3. b3 Bg7 4. Bb2 O-O 5. g3 b6 6. Bg2 Bb7 7. O-O c5 8. d4 d5
9. dxc5 bxc5 10. cxd5 Nxd5 11. Bxg7 Kxg7 12. Ne5 Na6 13. Qd3 Nac7 14. Nc3 Nxc3
15. Qxc3 Bxg2 16. Nc6+ Kg8 17. Nxd8 Bxf1 18. Nc6 Bxe2 19. Nxe7# 1-0

[Event "MCR mladeze 2019 - Narodni open"]
[Site "Kouty nad Desnou"]
[Date "2019.03.12"]
[Round "5"]
[White "Havel, Kristian"]
[Black "Slepankova, Radka"]
[Result "1/2-1/2"]
[WhiteElo "1623"]
[BlackElo "1948"]
[EventDate "2019.03.09"]
[PlyCount "54"]

1. f4 c5 2. Nf3 g6 3. e3 Bg7 4. Be2 e6 5. O-O Ne7 6. d3 O-O 7. Nbd2 d5 8. e4
Nbc6 9. c3 Qc7 10. g3 b6 11. Nb3 Bb7 12. e5 Rad8 13. d4 c4 14. Nbd2 b5 15. g4
a5 16. Qc2 f6 17. Nh4 fxe5 18. fxe5 Rxf1+ 19. Nxf1 Rf8 20. Ne3 Nc8 21. g5 Qf7
22. Ng4 N8e7 23. Nf6+ Bxf6 24. gxf6 Nf5 25. Nxf5 gxf5 26. Bf3 Kh8 27. Be3 Rg8+
1/2-1/2